SNL Cast A-Z Quiz Stats

Quiz Updated Oct 6, 2017

Challenge
Share
Tweet
Embed
Score 0/22 Timer 06:00
1 Play Today
Letter Cast Member % Correct
FChris Farley...
92.5%
MMike Myers...
89.9%
SAdam Sandler...
87%
CJane Curtin...
81.8%
RGilda Radner...
76.4%
BJohn Belushi...
75%
HPhil Hartman...
66.1%
ADan Aykroyd...
64.7%
PAmy Poehler...
63.8%
WKristen Wiig...
56.3%
TKenan Thompson
50.3%
Letter Cast Member % Correct
DRachel Dratch...
44.6%
OMichael O'Donoghue...
42.2%
NKevin Nealon...
42.1%
JVictoria Jackson...
42.1%
QRandy Quaid & Colin Quinn
40.9%
KChris Kattan...
40%
GAna Gasteyer...
33.6%
LJon Lovitz...
32.2%
EAbby Elliott...
25.3%
VDanitra Vance...
10.3%
ZSasheer Zamata & Alan Zweibel
9.2%

You're not logged in!

Compare scores with friends on all Sporcle quizzes.
Join for Free
OR
Log In

You Might Also Like...

Show Comments

Extras

Top Quizzes Today


Score Distribution

Your Account Isn't Verified!

In order to create a playlist on Sporcle, you need to verify the email address you used during registration. Go to your Sporcle Settings to finish the process.

Report this User

Report this user for behavior that violates our Community Guidelines.

Details: